000 004770000a22001930004500
999 _c47337
_d47337
001 79
003 CO-MdFUSB
005 20170922181508.0
008 170914b xxu||||| |||| 00| 0 eng d
020 _a1-56063-782-X
040 _cCO-MdBIC
082 0 4 _a868HC N998c2
100 1 _aNystrom, Carolyn
245 1 0 _aQue es un Cristiano / Carolyn Nystrom, il. : Eira Reeves
260 _aMiami : Unilit
300 _a[ 32 P. ]
650 1 4 _aLiteratura Infantil
942 _cLGB